| 000 | 01041njm a2200241 i 4500 | ||
|---|---|---|---|
| 001 | 4963 | ||
| 003 | ES-MaACL | ||
| 005 | 20240620063100.0 | ||
| 007 | s|r||||||||||| | ||
| 008 | 070904s1983 sp ||| g ||||||||1|nspa d | ||
| 100 | 1 |
_aBotta Cotignola, Efraín. _930794 |
|
| 245 | 1 | 0 |
_aRecital de Efraín Botta Cotignola e Ignacio Rodríguez _h[Grabación sonora] / _cintervienen Efraín Botta Cotignaloa (barítono) e Ignacio Rodríguez (piano). |
| 260 |
_aMadrid : _bAteneo de Madrid, _c1983. |
||
| 300 |
_a1 disco (CD-DA) (45 min.) ; _c12 cm. |
||
| 500 | _aDatos basados en la invitación. | ||
| 518 | _aActo organizado por la Sección de Música del Ateneo de Madrid, grabado en el salón de actos el lunes 9 de mayo de 1983, a las 20:00 h. | ||
| 610 | 2 | 4 |
_aAteneo de Madrid- _xActos culturales- _y1983- _vGrabaciones sonoras. _91897 |
| 700 | 1 |
_aRodríguez, Ignacio. _998250 |
|
| 710 | 2 |
_aAteneo de Madrid. _bSección de Música. _92004 |
|
| 852 |
_aES-MaACL _jROT 5/4/31 _95080 _cROT |
||
| 942 | _2udc | ||
| 999 |
_c4963 _d4963 |
||